Online
Catalog

Los años de Texas / (Record no. 20498)

MARC details
000 -CABECERA
campo de control de longitud fija 00777nam a2200241 a 4500
001 - NÚMERO DE CONTROL
campo de control 000020995
005 - FECHA Y HORA DE LA ÚLTIMA TRANSACCIÓN
campo de control 20200930011216.0
008 - DATOS DE LONGITUD FIJA--INFORMACIÓN GENERAL
campo de control de longitud fija 100827s1993 sp 000 f spa d
020 ## - NÚMERO INTERNACIONAL ESTÁNDAR DEL LIBRO
Número Internacional Estándar del Libro 8401492041
040 ## - FUENTE DE LA CATALOGACIÓN
Centro catalogador/agencia de origen DO-SdBNP
Lengua de catalogación spa
Centro/agencia transcriptor BNPHU
082 ## - NÚMERO DE LA CLASIFICACIÓN DECIMAL DEWEY
Número de clasificación 813.54
Número de documento/Ítem G696añ
049 ## - FONDOS LOCALES (OCLC)
Fondos de biblioteca BNGR
100 1# - ENTRADA PRINCIPAL--NOMBRE DE PERSONA
Nombre de persona Gould, Judith,
Fechas asociadas al nombre 1945-
9 (RLIN) 11157
240 10 - TÍTULO UNIFORME
Título uniforme The Texas years.
Lenguaje de la obra Español
245 14 - MENCIÓN DE TÍTULO
Título Los años de Texas /
Mención de responsabilidad, etc. Judith Gould ; traducción de María Buxó-Dulce Montesinos.
260 ## - PUBLICACIÓN, DISTRIBUCIÓN, ETC.
Lugar de publicación, distribución, etc. Barcelona :
Nombre del editor, distribuidor, etc. Plaza & Janés,
Fecha de publicación, distribución, etc. 1993.
300 ## - DESCRIPCIÓN FÍSICA
Extensión 478 p. ;
Dimensiones 18 cm.
490 1# - MENCIÓN DE SERIE
Mención de serie Jet de Plaza & Janés
Designación de volumen o secuencia 205/2
534 ## - NOTA SOBRE LA VERSIÓN ORIGINAL
Encabezamiento principal del original Título original :
Mención de título del original The Texas years
700 1# - PUNTO DE ACCESO ADICIONAL--NOMBRE DE PERSONA
Nombre de persona Buxó-Dulce Montesinos, María,
Término indicativo de función/relación tr.
9 (RLIN) 43944
830 #0 - PUNTO DE ACCESO ADICIONAL DE SERIE-TÍTULO UNIFORME
Título uniforme Jet de Plaza & Janés,
Designación de volumen o secuencia 205/2
9 (RLIN) 29408
910 ## - DATOS DE OPCIÓN DEL USUARIO (OCLC)
Datos de opción del usuario WM
Holdings
Estado de retiro Estado de pérdida Restricciones de uso No para préstamo Código de colección Localización permanente Ubicación/localización actual Ubicación en estantería Fecha de adquisición Número de inventario Total de préstamos Signatura topográfica completa Código de barras Fecha visto por última vez Precio válido a partir de Tipo de ítem Koha
        Monografías: Libros y Folletos General General Depósito 27.08.2010 LF1   813.54 G696añ 20995-10 25.06.2020 25.06.2020 Préstamo en sala

Powered by Koha